La España de Carlos II
Wedi'i Gadw mewn:
| Prif Awdur: | |
|---|---|
| Fformat: | Llyfr |
| Iaith: | Sbaeneg |
| Cyhoeddwyd: |
Barcelona, España
Crítica
1981
|
| Cyfres: | Crítica. Historia,
16 |
| Pynciau: | |
| Tagiau: |
Ychwanegu Tag
Dim Tagiau, Byddwch y cyntaf i dagio'r cofnod hwn!
|
MARC
| LEADER | 00000cam a2200000 a 4500 | ||
|---|---|---|---|
| 001 | UCO0979 | ||
| 003 | CL-VaPUC | ||
| 005 | 20201214130425.0 | ||
| 008 | 000428e19810000SP |||||||||||||||||spa|d | ||
| 999 | |c 287614 |d 287612 | ||
| 020 | |a 8474231426 | ||
| 040 | |c Pontificia Universidad Católica de Valparaíso | ||
| 082 | 0 | 4 | |a 946.053 KAM 1981 |2 21 |
| 100 | |a Kamen, Henry |e author |9 548246 | ||
| 245 | 1 | 3 | |a La España de Carlos II |
| 260 | |a Barcelona, España |b Crítica |c 1981 | ||
| 300 | |a 622 páginas | ||
| 490 | 0 | |a Crítica. Historia, |v 16 | |
| 583 | |a last modification |c 20160711 03:10:50 |k Rodrigo Vera | ||
| 600 | 0 | 7 | |a CARLOS II |2 CL-VaPUC |9 394248 |x MONARQUIA ESPAÑOLA |z ESPAÑA |
| 650 | 7 | |a HISTORIA DE ESPAÑA |2 CL-VaPUC |9 442678 |y 1665-1700 | |
| 852 | |a BIBCUR | ||
| 942 | |c BK |2 ddc | ||
| 945 | |d 20000428 00:00:00 |a rherrera | ||
| 952 | |0 0 |1 0 |2 ddc |4 0 |6 946_053000000000000_KAM_1981 |7 0 |8 A |9 334546 |a BIBHIS |b BIBHIS |d 2019-11-20 |i 1268864 |o 946.053 KAM 1981 |p 1268864 |r 2025-01-20 |t 1 |w 2019-11-20 |y BK |k HIS | ||
| 952 | |0 0 |1 0 |2 ddc |4 0 |6 946_053000000000000_KAM_1981 |7 0 |8 A |9 334547 |a BIBHIS |b BIBHIS |d 2019-11-20 |i 1268872 |o 946.053 KAM 1981 |p 1268872 |r 2025-01-20 |t 2 |w 2019-11-20 |y BK |k HIS | ||
| 952 | |0 0 |1 0 |2 ddc |3 erb |4 0 |6 946_053000000000000_KAM_1981 |7 0 |8 A |9 334548 |a FDOHBE |b BIBHIS |e Huesbe Llanos, Marco Antonio, 1934- |i 530623K |l 3 |m 1 |o 946.053 KAM 1981 |p 530623K |r 2024-01-30 |s 2020-05-11 |t 3 |w 2019-11-20 |y BK |z Catalogado en:20160713 |k HBE | ||